[Event "Czerniak Memorial 11th"]
[Site "Tel Aviv"]
[Date "1995.??.??"]
[Round "10"]
[White "Shvidler, Eliahu"]
[Black "Grinshpun, Eduard"]
[Result "1-0"]
[WhiteElo "2455"]
[BlackElo "2390"]
[PlyCount "99"]
[EventDate "1995.??.??"]
[EventType "tourn"]
[EventRounds "11"]
[EventCountry "ISR"]
[EventCategory "4"]
[SourceTitle "EXT 1997"]
[Source "ChessBase"]
[SourceDate "1996.11.15"]
[SourceVersion "1"]
[SourceVersionDate "1996.11.15"]
[SourceQuality "1"]

1. d4 f5 2. g3 Nf6 3. Bg2 g6 4. c3 Bg7 5. Qb3 d5 6. Nd2 c6 7. Nh3 Qb6 8. Qa3 Qa6 9. Qxa6 Nxa6 10. Nf3 Ng4 11. Bf4 Nb8 12. Ne5 Nxe5 13. Bxe5 Bxe5 14. dxe5 Nd7 15. f4 Nc5 16. Nf2 Be6 17. 0-0-0 a5 18. Bf3 Kf7 19. Rhg1 Ne4 20. Nd3 b6 21. Ne1 c5 22. Nc2 Rhd8 23. Rd3 Nf2 24. Rd2 Ne4 25. Bxe4 dxe4 26. Rgd1 Rxd2 27. Rxd2 Bxa2 28. Rd7 Rb8 29. Ne3 Be6 30. Ra7 h6 31. c4 g5 32. Kc2 gxf4 33. gxf4 Rg8 34. Nd5 Bxd5 35. cxd5 Rg2 36. Kd2 Rg8 37. Kc3 b5 38. Rc7 Rb8 39. Rxc5 Rb6 40. Rc8 b4+ 41. Kb3 Rb5 42. Kc4 Rb7 43. e6+ Kf6 44. Rf8+ Kg6 45. Ra8 Rc7+ 46. Kb3 Kh5 47. Rg8 Kh4 48. Rg7 Rc5 49. Rxe7 Rxd5 50. Rd7 1-0

[Event "Tel Aviv ASA"]
[Site "Tel Aviv"]
[Date "1994.??.??"]
[Round "3"]
[White "Lev, Ronen"]
[Black "Shvidler, Eliahu"]
[Result "1/2-1/2"]
[WhiteElo "2475"]
[BlackElo "2420"]
[PlyCount "75"]
[EventDate "1994.04.??"]
[EventType "tourn"]
[EventRounds "9"]
[EventCountry "ISR"]
[EventCategory "10"]
[SourceTitle "CBM 042"]
[Source "ChessBase"]
[SourceDate "1994.10.01"]
[SourceVersion "1"]
[SourceVersionDate "1994.10.01"]
[SourceQuality "1"]

1. d4 d5 2. c4 c6 3. Nc3 Nf6 4. e3 g6 5. Nf3 Bg7 6. Be2 0-0 7. 0-0 dxc4 8. Bxc4 Bg4 9. Be2 Nbd7 10. e4 Bxf3 11. Bxf3 e5 12. d5 cxd5 13. Nxd5 Nc5 14. Be3 Ne6 15. Qb3 Nxd5 16. exd5 Nd4 17. Bxd4 exd4 18. Qxb7 Rb8 19. Qxa7 Rxb2 20. a4 Qd6 21. a5 Qf4 22. Ra3 Qd6 23. Raa1 Qf4 24. Qe7 d3 25. Qe3 Qc4 26. Rad1 Rb3 27. d6 Qb5 28. Qa7 Ra3 29. Qc7 Be5 30. Rfe1 Bc3 31. Re3 Bxa5 32. Qc6 Qxc6 33. Bxc6 Rc3 34. Be8 d2 35. Rxc3 Rxe8 36. Re3 Rd8 37. Rd3 Re8 38. Re3 1/2-1/2

[Event "Zweisimmen"]
[Site "Zweisimmen"]
[Date "1993.??.??"]
[Round "2"]
[White "Foisor, Cristina Adela B"]
[Black "Shvidler, Eliahu"]
[Result "1/2-1/2"]
[WhiteElo "2350"]
[BlackElo "2420"]
[PlyCount "196"]
[EventDate "1993.??.??"]
[EventType "tourn"]
[EventRounds "9"]
[EventCountry "SUI"]
[EventCategory "4"]
[SourceTitle "CBM 036 Extra"]
[Source "ChessBase"]
[SourceDate "1993.11.01"]
[SourceVersion "1"]
[SourceVersionDate "1993.11.01"]
[SourceQuality "1"]

1. c4 e6 2. g3 d5 3. Bg2 g6 4. Nf3 Bg7 5. 0-0 Ne7 6. d4 Nbc6 7. cxd5 exd5 8. Nc3 Bg4 9. e3 Qd7 10. Qa4 0-0 11. b4 a6 12. Qb3 Rfd8 13. Ne1 Bf5 14. a4 Na7 15. b5 Nac8 16. Ba3 axb5 17. axb5 Nd6 18. Ra2 c6 19. Bxd6 Qxd6 20. bxc6 bxc6 21. Rxa8 Rxa8 22. Na4 Rb8 23. Qc3 Qb4 24. Qxb4 Rxb4 25. Nc5 Rb1 26. Ned3 Bxd3 27. Nxd3 Rxf1+ 28. Bxf1 Kf8 29. h4 Ke8 30. Bh3 Kd8 31. Kf1 Kc7 32. Ke2 Kd6 33. Nc5 Ng8 34. g4 h6 35. g5 hxg5 36. hxg5 f6 37. Ne6 Bh8 38. f4 fxg5 39. fxg5 Ne7 40. Kf3 Ng8 41. Ke2 Ne7 42. Kd3 Nf5 43. Bxf5 gxf5 44. Nf4 c5 45. Ng6 c4+ 46. Kc3 Bg7 47. Nf4 Bf8 48. g6 Bh6 49. Kb4 Bf8 50. Kc3 Bh6 51. Kd2 Bf8 52. Nh5 Ke6 53. Nf4+ Kf6 54. Nxd5+ Kxg6 55. Kc3 Kf7 56. Kxc4 Ke6 57. Nf4+ Kd6 58. Kd3 Bh6 59. Ne2 Ke6 60. Nc3 Bg5 61. Nb5 Bh6 62. Na3 Bg5 63. Nc4 Bh6 64. Ne5 Bg7 65. Ng6 Bh6 66. Nf4+ Kd6 67. Ke2 Bg5 68. Kf3 Bh6 69. Nh5 Kd5 70. Nf4+ Kd6 71. Ne2 Ke6 72. Nc3 Bg5 73. Ke2 Bh6 74. Kd3 Bg5 75. Nd1 Kd5 76. Nf2 Ke6 77. Nd1 Kd5 78. Nc3+ Ke6 79. Na4 Bh6 80. Nc5+ Kd5 81. Nd7 Ke6 82. Ne5 Bg7 83. Ng6 Bh6 84. Nh4 Bg5 85. Ng2 Kd5 86. Ne1 Ke6 87. Nc2 Kd5 88. Na3 Ke6 89. Nc4 Bh6 90. Nb6 Bg5 91. Nc8 Kd5 92. Na7 Ke6 93. Nb5 Bh6 94. Nc7+ Kd6 95. Na6 Ke6 96. Nb4 Bg5 97. Na2 Bh6 98. Nc3 Bg5 1/2-1/2

[Event "Zweisimmen"]
[Site "Zweisimmen"]
[Date "1993.??.??"]
[Round "9"]
[White "Glauser, Hansruedi"]
[Black "Shvidler, Eliahu"]
[Result "0-1"]
[WhiteElo "2325"]
[BlackElo "2420"]
[PlyCount "81"]
[EventDate "1993.??.??"]
[EventType "tourn"]
[EventRounds "9"]
[EventCountry "SUI"]
[EventCategory "4"]
[SourceTitle "CBM 036 Extra"]
[Source "ChessBase"]
[SourceDate "1993.11.01"]
[SourceVersion "1"]
[SourceVersionDate "1993.11.01"]
[SourceQuality "1"]

1. e4 e5 2. Nf3 Nc6 3. Bb5 a6 4. Bxc6 dxc6 5. 0-0 Qd6 6. d4 exd4 7. Qxd4 Qxd4 8. Nxd4 Bd7 9. Nc3 0-0-0 10. Be3 Ne7 11. Rad1 Re8 12. Rfe1 Ng6 13. a3 Ne5 14. h3 Nc4 15. Bc1 g6 16. f4 f6 17. Kf1 g5 18. e5 fxe5 19. fxe5 Rxe5 20. Rxe5 Nxe5 21. Bxg5 Bg7 22. b3 Re8 23. Nde2 Bf5 24. Rd2 Bf8 25. Nb1 Bc5 26. Ng3 Bg6 27. Re2 Rf8+ 28. Ke1 Nf7 29. Bc1 Bd6 30. Nf1 Ne5 31. Ne3 Be7 32. Bb2 Bf6 33. Kd1 Bh5 34. g4 Bg6 35. Nd2 Nxg4 36. Bxf6 Nxe3+ 37. Rxe3 Rxf6 38. Kc1 Rf2 39. Rc3 Rh2 40. Rf3 c5 41. Rg3 0-1

[Event "Silvaplana SKA op"]
[Site "Silvaplana"]
[Date "1993.??.??"]
[Round "?"]
[White "Shvidler, Eliahu"]
[Black "Belotti, Bruno"]
[Result "1/2-1/2"]
[WhiteElo "2415"]
[BlackElo "2410"]
[PlyCount "124"]
[EventDate "1993.??.??"]
[EventType "swiss"]
[EventRounds "9"]
[EventCountry "SUI"]
[SourceTitle "EXT 1997"]
[Source "ChessBase"]
[SourceDate "1996.11.15"]
[SourceVersion "1"]
[SourceVersionDate "1996.11.15"]
[SourceQuality "1"]

1. d4 d6 2. Nf3 g6 3. e4 Bg7 4. c3 Nf6 5. Nbd2 0-0 6. Be2 c5 7. dxc5 dxc5 8. 0-0 Nc6 9. Qc2 Qc7 10. Re1 b6 11. Bf1 Nd7 12. Nc4 Bb7 13. Bg5 f6 14. Bh4 Bh6 15. e5 Ndxe5 16. Ncxe5 Nxe5 17. Nxe5 fxe5 18. Qb3+ Kh8 19. Qe6 e4 20. Rad1 Bc6 21. Bxe7 Rae8 22. Bf6+ Bg7 23. Bxg7+ Kxg7 24. Qd6 Qxd6 25. Rxd6 Bb7 26. Bb5 Rd8 27. Red1 Rxd6 28. Rxd6 Rf6 29. Rd2 Rf7 30. Bc4 Re7 31. Kf1 Kf6 32. Rd8 Ke5 33. Ke2 Bc6 34. Ke3 Re8 35. Rd1 Rf8 36. Be2 a5 37. h4 h6 38. Rd2 b5 39. a3 b4 40. cxb4 axb4 41. axb4 cxb4 42. Rc2 Kd6 43. Bc4 Rf5 44. Bg8 Rh5 45. Rc4 Rxh4 46. Rxb4 Rh1 47. Rd4+ Ke5 48. Rc4 Kd6 49. Rc2 Re1+ 50. Kd2 Rg1 51. g3 g5 52. Bf7 Bb5 53. Bc4 Bxc4 54. Rxc4 Kd5 55. Rb4 Rb1 56. Ke2 Kc5 57. Rxe4 Rxb2+ 58. Kf3 Kd5 59. Re8 g4+ 60. Kxg4 Rxf2 61. Re1 Rh2 62. Kf3 h5 1/2-1/2

[Event "Zweisimmen"]
[Site "Zweisimmen"]
[Date "1993.??.??"]
[Round "7"]
[White "Shvidler, Eliahu"]
[Black "Erdelyi, Tamas"]
[Result "1-0"]
[WhiteElo "2420"]
[BlackElo "2400"]
[PlyCount "47"]
[EventDate "1993.??.??"]
[EventType "tourn"]
[EventRounds "9"]
[EventCountry "SUI"]
[EventCategory "4"]
[SourceTitle "CBM 036 Extra"]
[Source "ChessBase"]
[SourceDate "1993.11.01"]
[SourceVersion "1"]
[SourceVersionDate "1993.11.01"]
[SourceQuality "1"]

1. d4 Nf6 2. c4 c5 3. d5 b5 4. cxb5 a6 5. e3 g6 6. Nc3 Bg7 7. Bd2 0-0 8. Qb3 e6 9. dxe6 fxe6 10. Nf3 d5 11. Be2 Qd6 12. e4 Nbd7 13. exd5 exd5 14. 0-0 Kh8 15. Rad1 d4 16. Ng5 dxc3 17. Bxc3 Qb6 18. Nf7+ Rxf7 19. Qxf7 Nf8 20. bxa6 Ra7 21. Rd6 Qb8 22. Rxf6 Rxf7 23. Rxf7 Bxc3 24. a7 1-0